000 00505 a2200181 4500
005 20260505093325.0
008 260505b |||||||| |||| 00| 0 eng d
020 _a978-0-13-305069-1
082 _a658.403
_bLAU-M
100 _aLaudon, kenneth C.
245 _aManagement Information Systems:
_bManaging The Digital Firm
250 _a13th Ed
260 _aIndia
_bPearson Education Limited
_c2014
300 _a645 p.
504 _aInclude Index.
650 _aBusiness Administration
942 _cBK
999 _c47506
_d47506